Bài tập hoá học đại cương
Guardado en:
| Autor principal: | |
|---|---|
| Formato: | Libro |
| Lenguaje: | Undetermined |
| Publicado: |
H.
ĐHQG
2002
|
| Materias: | |
| Etiquetas: |
Agregar Etiqueta
Sin Etiquetas, Sea el primero en etiquetar este registro!
|
| Thư viện lưu trữ: | Trung tâm Học liệu Trường Đại học Cần Thơ |
|---|
| LEADER | 00519nam a2200193Ia 4500 | ||
|---|---|---|---|
| 001 | CTU_54285 | ||
| 008 | 210402s9999 xx 000 0 und d | ||
| 020 | |b 27500 | ||
| 082 | |a 540.076 | ||
| 082 | |b Th304 | ||
| 100 | |a Lâm Ngọc Thiềm | ||
| 245 | 0 | |a Bài tập hoá học đại cương | |
| 245 | 0 | |c Lâm Ngọc Thiềm | |
| 260 | |a H. | ||
| 260 | |b ĐHQG | ||
| 260 | |c 2002 | ||
| 650 | |a chemistry | ||
| 650 | |x problems, exercises, etc. | ||
| 980 | |a Trung tâm Học liệu Trường Đại học Cần Thơ | ||